header

Maybelle in the soup / (Record no. 266226)

MARC details
000 -LEADER
fixed length control field 01774cam a2200433 a 4500
001 - CONTROL NUMBER
control field 14617429
003 - CONTROL NUMBER IDENTIFIER
control field OSt
005 - DATE AND TIME OF LATEST TRANSACTION
control field 20260422084729.0
008 - FIXED-LENGTH DATA ELEMENTS--GENERAL INFORMATION
fixed length control field 061031s2007 nyua b 000 1 eng
010 ## - LIBRARY OF CONGRESS CONTROL NUMBER
LC control number 2006033444
020 ## - INTERNATIONAL STANDARD BOOK NUMBER
International Standard Book Number 9780805080926
Qualifying information hardcover : alk. paper
International Standard Book Number 0805080929
Qualifying information hardcover : alk. paper
035 ## - SYSTEM CONTROL NUMBER
System control number 14617429
040 ## - CATALOGING SOURCE
Original cataloging agency DLC
Transcribing agency DLC
Modifying agency DLC
042 ## - AUTHENTICATION CODE
Authentication code lcac
050 00 - LIBRARY OF CONGRESS CALL NUMBER
Classification number PZ7.S741185
Item number May 2007
082 00 - DEWEY DECIMAL CLASSIFICATION NUMBER
Classification number [Fic]
Edition number 22
100 1# - MAIN ENTRY--PERSONAL NAME
Personal name Speck, Katie.
245 10 - TITLE STATEMENT
Title Maybelle in the soup /
Statement of responsibility, etc Katie Speck ; illustrations by Paul Rátz de Tagyos.
250 ## - EDITION STATEMENT
Edition statement 1st ed.
260 ## - PUBLICATION, DISTRIBUTION, ETC. (IMPRINT)
Place of publication, distribution, etc New York :
Name of publisher, distributor, etc Henry Holt,
Date of publication, distribution, etc 2007.
300 ## - PHYSICAL DESCRIPTION
Extent 57 p. :
Other physical details ill. ;
Dimensions 20 cm.
336 ## - CONTENT TYPE
Content type term text
Content type code txt
Source rdacontent
337 ## - MEDIA TYPE
Media type term unmediated
Media type code n
Source rdamedia
338 ## - CARRIER TYPE
Carrier type term volume
Carrier type code nc
Source rdacarrier
520 ## - SUMMARY, ETC.
Summary, etc When Mr. and Mrs. Peabody invite a guest to dinner, Maybelle the cockroach, who lives under their refrigerator, ignores the warnings of Henry the flea to be sensible and ends up "splashing" into a big adventure.
650 #1 - SUBJECT ADDED ENTRY--TOPICAL TERM
Topical term or geographic name as entry element Cockroaches
Form subdivision Fiction.
Topical term or geographic name as entry element Fleas
Form subdivision Fiction.
Topical term or geographic name as entry element Insects
Form subdivision Fiction.
Topical term or geographic name as entry element Curiosity
Form subdivision Fiction.
655 #7 - INDEX TERM--GENRE/FORM
Genre/form data or focus term Fiction.
Source of term lcgft
Authority record control number https://id.loc.gov/authorities/genreForms/gf2014026339
700 1# - ADDED ENTRY--PERSONAL NAME
Personal name Rátz de Tagyos, Paul,
Relator term ill.
856 42 - ELECTRONIC LOCATION AND ACCESS
Materials specified Contributor biographical information
Uniform Resource Identifier <a href="http://www.loc.gov/catdir/enhancements/fy0730/2006033444-b.html">http://www.loc.gov/catdir/enhancements/fy0730/2006033444-b.html</a>
Materials specified Publisher description
Uniform Resource Identifier <a href="http://www.loc.gov/catdir/enhancements/fy0730/2006033444-d.html">http://www.loc.gov/catdir/enhancements/fy0730/2006033444-d.html</a>
906 ## - LOCAL DATA ELEMENT F, LDF (RLIN)
a 7
b cbc
c orignew
d 1
e ecip
f 20
g y-gencatlg
942 ## - ADDED ENTRY ELEMENTS (KOHA)
Source of classification or shelving scheme Library of Congress Classification
Koha item type Long Loan Books
Holdings
Withdrawn status Lost status Source of classification or shelving scheme Damaged status Not for loan Collection code Home library Current library Shelving location Date acquired Total Checkouts Full call number Barcode Date last seen Price effective from Koha item type
    Library of Congress Classification     Fiction Rongo University Library Rongo University Library Children's Area 22/04/2026   PZ7.S741185 May 2007 CL20250253 22/04/2026 22/04/2026 Long Loan Books

© 2026 Rongo University
Contact us: librarian | system librarian | Rongo university